000 00707nam a2200229Ia 4500
003 OSt
005 20220923214752.0
006 a|||||r|||| 00| 0
007 ta
008 220922b |||||||| |||| 00| 0 hin d
024 _a172,561
037 _cTextual
040 _aARTS
_cARTS
_bhin
041 _2hin
_ahin
082 _aO152,3NIBx1, L3
100 _aइब्राहीम शरीफ
245 0 _aकई सूरजों के बीच
246 _aKaī sūrajoan ke bīcha
260 _aदिल्ली
_b नेशनल पब्लि0 हा0
_c1973
942 _hO152,3NIBx1, L3
_cTEXL
_2CC
999 _c326569
_d326569